000 01107nam a22002657a 4500
999 _c8164
_d8164
003 AR-CdUCM
008 190322b ||||| |||| 00| 0 spa d
020 _a84-7232-614-4
040 _aMUNICIPALIDAD PROVINCIAL DEL CUSCO
_cBIBLIOTECA MUNICIPAL DEL CUSCO
082 _a388.0968 /
_bM84
100 _aMontallbán Carrasco, Juan Francisco
_923036
245 _aEl papel de los transportes en la economía política de África Austral = The role of transports in the political economy of Southern Africa /
260 _aMadrid :
_bAgencia Española de Cooperación Internacional,
_c1991.
300 _a103 paginas ;
_bmapas, cuadros, ilustraciones,
_c24 cm.
500 _aublicaciones del Instituto de Cooperación para el Desarrollo Texto en español e Ingles
505 _aContenido: Abreviaturas -- el papel de los transportes -- mapas --
650 _aEconomia
_9382
650 _aPolitica
_9291
650 _aAfrica
_91289
650 _aAfrica meridional
_923037
650 _aCondiciones Economicas
_923038
700 _aRemiro Brotóns, Antonio
_923039
942 _2ddc
_cLIBROS
945 _apjha